书目信息 |
| 题名: |
庄子集解
|
|
| 作者: | 庄子 著 | |
| 分册: | 三 | |
| 出版信息: | 出版地不详 思贤书局 1909年(宣统已酉年) |
|
| 页数: | 1册 | |
| 开本: | 26*17cm | |
| 丛书名: | ||
| 单 册: | ||
| 中图分类: | B223.5 | |
| 科图分类: | ||
| 主题词: | ||
| 电子资源: | ||
| ISBN: | ||
| 000 | 00539nam0 2200181 450 | |
| 001 | 0634346281 | |
| 005 | 20061018100537.81 | |
| 010 | @b线装@dCNY10.00(函) | |
| 100 | @a20061018d1909 km y0chiy0120 ea | |
| 101 | 0 | @achi |
| 200 | 1 | @a庄子集解@Azhuang zi ji jie@h三@f(战国)庄子著@F(zhan guo)zhuang zi zhu@Gwang xian qian ji |
| 210 | @a出版地不详@c思贤书局@d1909年(宣统已酉年) | |
| 215 | @a1册@d26*17cm | |
| 300 | @a一至四为一函 | |
| 690 | @aB223.5@v3 | |
| 701 | 0 | @a庄子@Azhuang zi@4著 |
| 801 | 0 | @aCN@bPFT@c20061018 |
| 905 | @a10447@dB223.5@e13:3 | |
| 庄子集解.三/(战国)庄子著.-出版地不详:思贤书局,1909年(宣统已酉年) |
| 1册;26*17cm |
| 一至四为一函 |
| ISBN (线装):CNY10.00(函) |
| ● |
| 相关链接 |
|
|
|
|
正题名:庄子集解
索取号:B223.5/13:3
 
预约/预借
| 序号 | 登录号 | 条形码 | 馆藏地/架位号 | 状态 | 备注 |
| 1 | 0265403 | 202404807 | 古籍典藏专区/ [索取号:B223.5/13:3] | 在馆 |